| 000 | 00760nam a22002177a 4500 | ||
|---|---|---|---|
| 003 | UA-OsUOA | ||
| 001 | 117295 | ||
| 007 | ta | ||
| 008 | 20160518b un ||||| |||| 00| 0 ukr d | ||
| 090 |
_a811.161.1'282 _bУ45 |
||
| 942 | _cBK | ||
| 040 |
_aUA-OsUOA _bukr _cUA-OsUOA _dUA-OsUOA |
||
| 245 |
_aУкраїнська діалектна лексика _bзбірник наукових праць _cІ. Г. Матвіяс, П. Ю. Гриценко, Н. П. Прилипко |
||
| 300 | _a268 с. | ||
| 955 | _a1 | ||
| 041 | _aukr | ||
| 080 | _a811.161.1'282 | ||
| 260 |
_aК. _bНаукова думка _c1987 |
||
| 650 | 7 |
_a8 Мовознавство. Художня література. Літературознавство _2UDC |
|
| 999 |
_c403323 _d403323 |
||